00454 a2200145 4500008004100000020001800041082001700059100001500076245003800091250001200129260006400141300001800205505003300223650005200256210413b ||||| |||| 00| 0 eng d a978935316050000a658.5bR2151 aRao, P. N. aManufacturing technology, Vol-1 / a5th ed. aNew Delhi:bMcGraw Hill Education (India) Pvt. Ltd.,c2019. axxiii, I.4 p.0 aFoundry, Forming and Welding 0aManufacturing TechnologyxManufacturing Process